Gaming Quiz

Random Gaming or Minecraft Quiz

Minecraft Food Quiz Stats

 Plays Quiz Updated Aug 6, 2018

Also try: Minecraft Crafting
Challenge
Share
Tweet
Embed
Score 0/37 Timer 06:00
2 Plays Today
Food % Correct
Carrot
90.2%
Apple
80.4%
Cooked Porkchop
78.5%
Raw Porkchop
78.3%
Cake
74.5%
Potato
74.1%
Bread
73.9%
Cooked Chicken
73.9%
Raw Chicken
73.8%
Raw Beef
73.5%
Steak
71.8%
Golden Apple
62.9%
Enchanted Golden Apple
62.7%
Cooked Fish
60.6%
Raw Fish
60.3%
Pumpkin Pie
55.6%
Rotten Flesh
53.6%
Mushroom Stew
53%
Melon
52.2%
Food % Correct
Cooked Mutton
51%
Raw Mutton
50.9%
Cooked Rabbit
50.9%
Raw Rabbit
50.9%
Cookie
50.7%
Beetroot
45.2%
Golden Carrot
44.6%
Baked Potato
42.4%
Cooked Salmon
40.6%
Spider Eye
40.5%
Raw Salmon
40.5%
Pufferfish
36.7%
Rabbit Stew
30.3%
Poisonous Potato
29.3%
Beetroot Soup
28.7%
Clownfish
28.3%
Chorus Fruit
18.7%
Dried Kelp
15.2%

You're not logged in!

Compare scores with friends on all Sporcle quizzes.
OR
Log In

You Might Also Like...

Show Comments

Extras

Top Quizzes Today


Score Distribution

Your Account Isn't Verified!

In order to create a playlist on Sporcle, you need to verify the email address you used during registration. Go to your Sporcle Settings to finish the process.

Report this User

Report this user for behavior that violates our Community Guidelines.

Details: